Szczegóły MARC21

Zarządzanie informacją w regionie turystycznym /

003 -Nazwa inst., której nr kontr. jest w polu 001 [,]
    • @
    • Nazwa instytucji, której n kontrolny jest w polu 001
    • NUKAT
005 -DATA I CZAS OSTATNIEJ MODYFIKACJI [,]
    • @
    • pole kontrolne
    • 20241231113437.0
040 -Instytucja sporządzająca opis [ , ]
    • a
    • Instytucja, która sporządziła opis (NP)
    • WR U/hp
    • c
    • Instytucja, która sporządziła rekord (NP)
    • WR U/hp
    • d
    • Instytucja, która zmodyfikowała rekord (P)
    • WR U/dl
    • d
    • Instytucja, która zmodyfikowała rekord (P)
    • POZN U/HAs
    • d
    • Instytucja, która zmodyfikowała rekord (P)
    • KR 306/LS
942 -Rodzaj dokumentu [ , ]
    • c
    • Rodzaj dokumentu
    • Książka
100 -Hasło główne - nazwa osobowa [1, ]
    • a
    • Nazwa osobowa (NP)
    • Ziółkowski, Romuald.
    • 9
    • KHW
    • 51610
245 -Strefa tytułu i oznaczenia odpowiedzialności [1,0]
    • a
    • Tytuł
    • Zarządzanie informacją w regionie turystycznym / Find
    • c
    • Pozostałe elementy strefy tytułu i oznaczenia odpowiedzialności (NP)
    • Romuald Ziółkowski.
260 -Strefa adresu wydawniczego [ , ]
    • a
    • Miejsce wydania (P)
    • Białystok :
    • b
    • Nazwa wydawcy (P)
    • Wydawnictwo Politechniki Białostockiej,
    • c
    • Data wydania (P)
    • 2007.
300 -Strefa opisu fizycznego [ , ]
    • a
    • Określenie formy książki i/lub objętość (NP)
    • 242 s. :
    • b
    • Oznaczenie ilustracji (NP)
    • il. ;
    • c
    • Format (NP)
    • 23 cm.
336 -Typ zawartości [ , ]
    • a
    • Termin opisujący typ zawartości
    • Tekst
    • b
    • Kod określający zawartość
    • txt
    • 2
    • Źródło (terminu i kodu)
    • rdacontent
337 -Typ mediów [ , ]
    • a
    • Tryb odtwarzania
    • Bez urządzenia pośredniczącego
    • b
    • Kod typu mediów
    • n
    • 2
    • Źródło (terminu i kodu)
    • rdamedia
338 -Typ/rodzaj nośnika [ , ]
    • a
    • Hasło opisujące typ nośnika
    • Wolumin
    • b
    • Kod typu nośnika
    • nc
    • 2
    • Źródło (terminu i kodu)
    • rdacarrier
490 -Strefa serii i książki wielotomowej - forma nie do wyszukiwania [1, ]
    • a
    • Tytuł (P)
    • Rozprawy Naukowe, Find
    • x
    • ISSN (NP)
    • 0867-096X ;
    • v
    • Numeracja (P)
    • nr 152
830 -Hasło dodatkowe serii i opisu książki wielotomowej - tytuł ujednolicony/tytuł [ ,0]
    • a
    • Tytuł ujednolicony/tytuł (NP)
    • Rozprawy Naukowe - Politechnika Białostocka
    • x
    • ISSN
    • 0867-096X
    • v
    • Oznaczenie tomu (NP)
    • nr 152
    • 9
    • KHW
    • 11311
504 -Uwaga dot. bibliogr. załącznikowej [ , ]
    • a
    • Uwaga dot. bibliografii załącznikowej
    • Bibliogr. s. 234-242, 140 poz.
504 -Uwaga dot. bibliogr. załącznikowej [ , ]
    • a
    • Uwaga dot. bibliografii załącznikowej
    • Webografia s. 242.
080 -Uniwersalna Klasyfikacja Dziesiętna [ , ]
    • 2
    • Identyfikator wydania tablic
    • UDC-P058
    • a
    • Symbol klasyfikacji
    • 338.48
    • b
    • Dopowiedzenie
    • Turystyka. Turyzm.
    • x
    • Poddział wspólny
    • (438)
    • b
    • Dopowiedzenie
    • (Polska).
    • x
    • Poddział wspólny
    • "2001/..."
    • b
    • Dopowiedzenie
    • Od 2001 roku.
080 -Uniwersalna Klasyfikacja Dziesiętna [ , ]
    • 2
    • Identyfikator wydania tablic
    • UDC-P058
    • a
    • Symbol klasyfikacji
    • 339.138
    • b
    • Dopowiedzenie
    • Marketing. Badania marketingowe.
    • x
    • Poddział wspólny
    • (438)
    • b
    • Dopowiedzenie
    • (Polska).
    • x
    • Poddział wspólny
    • "2001/..."
    • b
    • Dopowiedzenie
    • Od 2001 roku.
080 -Uniwersalna Klasyfikacja Dziesiętna [ , ]
    • 2
    • Identyfikator wydania tablic
    • UDC-P058
    • a
    • Symbol klasyfikacji
    • 658.82
    • b
    • Dopowiedzenie
    • Promocja handlowa.
    • x
    • Poddział wspólny
    • (438)
    • b
    • Dopowiedzenie
    • (Polska).
    • x
    • Poddział wspólny
    • "2001/..."
    • b
    • Dopowiedzenie
    • Od 2001 roku.
650 -Hasło przedmiotowe [ ,7]
    • a
    • Hasło przedmiotowe
    • Zarządzanie informacją.
    • 2
    • Źródło terminu
    • kaba
    • 9
    • KHW
    • 137508
650 -Hasło przedmiotowe [ ,7]
    • a
    • Hasło przedmiotowe
    • Turystyka
    • x
    • Określnik rzeczowy
    • zarządzanie.
    • 2
    • Źródło terminu
    • kaba
    • 9
    • KHW
    • 360754
650 -Hasło przedmiotowe [ ,7]
    • a
    • Hasło przedmiotowe
    • Reklama
    • x
    • Określnik rzeczowy
    • turystyka.
    • 2
    • Źródło terminu
    • kaba
    • 9
    • KHW
    • 150771
650 -Hasło przedmiotowe [ ,7]
    • a
    • Hasło przedmiotowe
    • Turystyka
    • z
    • Określnik geograficzny
    • Polska
    • z
    • Określnik geograficzny
    • Podlaskie, Województwo (1999- ).
    • 2
    • Źródło terminu
    • kaba
    • 9
    • KHW
    • 510526
980 -Symbol UKD [ , ]
    • a
    • UKD
    • 338.48:339.138:658.82](438)"2001/..."
710 -Hasło dodatkowe - nazwa ciała zbiorowego [2, ]
    • a
    • Nazwa ciała zbiorowego lub nazwa geograficzna jako pierwszy element (NP)
    • Politechnika Białostocka.
    • b
    • Nazwa jednostki podrzędnej (P)
    • Oficyna Wydawnicza.
    • 4
    • Kod relacji
    • pbl
    • 9
    • KHW
    • 89116
Lokalizacja Data inwentaryzacji Status udost. Numer inwentarzowy Sygnatura
T2008-12-04-2T.10288 
T2019-12-16-2TM.14870TM.14870